00703nam a2200241 a 4500001001300000003000900013005001700022008004100039020000900080082001300089100001400102245005700116260004100173300000900214500003500223505001000258650002500268700001400293902000800307942000700315952012400322999001500446nice12345678IN_TiNIC20260116012618.0050524s1978 newa grp 000 0 eng  ac7500a291bSUD aSuda, J P aReligions in Indiab Study of Their Essential Unity. aNew DelhibSterling Publishersc1978 a369p aincludes index and biblioraphy2 aIndex aComparative Religion1 aSuda, J P bSRS cBK 001040708StackRoom-aHMIbHMId2007-07-20g75.00l1o291 SUDp010321r2023-08-18s2023-08-17v75.00w2005-05-24yBK c7669d7669